000 01100nam2a2200265 4500
001 RU\NLR\bibl\1034411
005 20250615001752.0
010 _a5-98235-031-1
_93000
021 _aRU
_b2006-77516
_93928
035 _a(NLR Aleph) 001021857
090 _a703611
_c703611
100 _a20070122d2006 |||y0rusy50 ca
101 0 _arus
102 _aRU
105 _ay |||||||||
200 0 _aКн. 1
210 _d2006
_aБ. м.
215 _a348 с.
320 _aБиблиогр.: с. 339-342 и в подстроч. прим.
320 _aДр. произведения авт. в конце кн.
461 0 _1001RU\NLR\bibl\1040994
_12001#$aОпыт преодоления кризисов жизни$vКн. 1
_9742888
_aМир, Г. (1942-2016)
_cМосква
_d2006
_e(Изд. испр. и доп.)
_fГеннадий Мир
_nПилигрим-Пресс
_oдуховное самопрограммирование : [в 2 кн.]
_tОпыт преодоления кризисов жизни
_vКн. 1
801 0 _aRU
_bNLR
_c20070122
_gRCR
801 1 _aRU
_bNLR
_c20070122
942 _cBOOK
980 _aNB